书目信息 |
| 题名: |
邓小平与外国首脑及记者会谈录
|
|
| 作者: | 《邓小平与外国首脑及记者会谈录》编辑组著 | |
| 分册: | ||
| 出版信息: | 北京 台海出版社 2011.02 |
|
| 页数: | 422页 | |
| 开本: | 23cm | |
| 丛书名: | ||
| 单 册: | ||
| 中图分类: | A493 | |
| 科图分类: | ||
| 主题词: | 邓小平著作--谈话 , 邓小平著作 | |
| 电子资源: | ||
| ISBN: | 978-7-80141-746-6 | |
| 000 | 00869nam0 2200229 450 | |
| 001 | 004777760 | |
| 005 | 20130608171930.54 | |
| 010 | @a978-7-80141-746-6@dCNY49.00@z7-80141-746-1 | |
| 100 | @a20110221d2011 em y0chiy0110 ea | |
| 101 | 0 | @achi |
| 102 | @aCN@b110000 | |
| 105 | @aaf z 000yy | |
| 106 | @ar | |
| 200 | 1 | @a邓小平与外国首脑及记者会谈录@9deng xiao ping yu wai guo shou nao ji ji zhe hui tan lu@f《邓小平与外国首脑及记者会谈录》编辑组著 |
| 210 | @a北京@c台海出版社@d2011.02 | |
| 215 | @a422页@c图,照片@d23cm | |
| 330 | @a本书分为两个部分,第一部分精选了邓小平会见各国首脑时的谈话内容;第二部分精选了邓小平回答记者提问时的谈话内容。从中可以领略这位将个人命运与国家发展联系在一起的政治家、思想家、外交家、战略家的形象魅力。 | |
| 606 | 0 | @a邓小平著作@x谈话 |
| 606 | 0 | @a邓小平著作 |
| 690 | @aA493@v4 | |
| 801 | 0 | @aCN@bNLC@c20110221 |
| 905 | @dA493@e54 | |
| 邓小平与外国首脑及记者会谈录/《邓小平与外国首脑及记者会谈录》编辑组著.-北京:台海出版社,2011.02 |
| 422页:图,照片;23cm |
| ISBN 978-7-80141-746-6:CNY49.00 |
| 本书分为两个部分,第一部分精选了邓小平会见各国首脑时的谈话内容;第二部分精选了邓小平回答记者提问时的谈话内容。从中可以领略这位将个人命运与国家发展联系在一起的政治家、思想家、外交家、战略家的形象魅力。 |
| ● |
| 相关链接 |
|
|
|
|
正题名:邓小平与外国首脑及记者会谈录
索取号:A493/54
 
预约/预借
| 序号 | 登录号 | 条形码 | 馆藏地/架位号 | 状态 | 备注 |
| 1 | 0545081 | 205450812 | 第一样本阅览室/ [索取号:A493/54] | 在馆 | |
| 2 | 0545082 | 205450821 | 第一借阅区/ [索取号:A493/54] | 在馆 | |
| 3 | 0545083 | 205450830 | 第一借阅区/ [索取号:A493/54] | 在馆 | |
| 4 | 0545084 | 205450849 | 第一借阅区/ [索取号:A493/54] | 在馆 | |
| 5 | 0545085 | 205450858 | 第一借阅区/ [索取号:A493/54] | 在馆 |